00347nam a2200109Ia 4500008004100000082000800041100002300049245004900072942000600121952009500127999001500222240331s9999 xx 000 0 und d bNEW aMcHenry, R. Editor 4aThe new encyclopaedia Britannica :bVolume 4 cL 001040708LaWERCLbWERCLcSSCd2024-03-31l0o 030 NEWp1234r2024-03-31w2024-03-31yL c3286d3286